Automatický zavlažovací systém

Saved in:
Bibliographic Details
Main Author: Gavula, Adam (Author)
Other Authors: Kľúčik, Marian (Thesis advisor)
Format: Manuscript Book
Language:Slovak
Published: 2019
Subjects:
Online Access:http://is.stuba.sk/zp/portal_zp.pl?podrobnosti=135304
Tags: Add Tag
No Tags, Be the first to tag this record!

MARC

LEADER 00000ntm a22000003a 4500
001 stuzp71658
003 SK-STU
005 20190718135206.9
007 ta
008 150427s2015----xo-----f-mn---000-0-slo-d
040 |a STU  |b slo 
041 0 |a slo 
044 |a xo 
100 1 |a Gavula, Adam  |u 031000  |4 aut  |U FEI Fakulta elektrotechniky a informatiky  |T FEI Ústav robotiky a kybernetiky  |X 86324  |U E011  |Y 356  |7 86324 
242 0 1 |a Automatic irrigation system  |y eng 
245 1 0 |a Automatický zavlažovací systém 
260 |c 2019 
300 |a 49 s.,  |b CD-ROM 
650 4 |a automatizovaný zavlažovací systém  |2 slo 
650 4 |a kvapková závlaha  |2 slo 
650 4 |a závlaha postrekom  |2 slo 
650 4 |a automated irrigation system  |2 eng 
650 4 |a drip irrigation  |2 eng 
650 4 |a sprinkler irrigation  |2 eng 
700 1 |a Kľúčik, Marian  |u 031000  |k Z3  |4 ths  |U FEI Fakulta elektrotechniky a informatiky  |T FEI Ústav robotiky a kybernetiky  |X 10015  |U E011  |Y 356  |7 A000010015 
856 4 |u http://is.stuba.sk/zp/portal_zp.pl?podrobnosti=135304 
996 |b 284ER02865  |c E*Bc- 2865  |l EE31  |s P  |a 0  |w stuzp71658_0001